Nové podmienky rozvoja služieb po vstupe SR do Európskej únie

Problémy rozvoja služieb po vstupe Slovenska do Európskej únie. Sloboda poskytovania služieb v praxi EÚ. Slobodný pohyb služieb.

Guardado en:
Detalles Bibliográficos
Autor principal: Šíbl, Drahoš
Formato: Capítulo de libro
Lenguaje:eslovaco
Materias:
Etiquetas: Agregar Etiqueta
Sin Etiquetas, Sea el primero en etiquetar este registro!

MARC

LEADER 00000naa$a2200000$$$4500
001 0040790
005 20240502071509.1
041 0 |a slo 
044 |a SK 
245 1 0 |a Nové podmienky rozvoja služieb po vstupe SR do Európskej únie  |c Drahoš Šíbl 
520 |a Problémy rozvoja služieb po vstupe Slovenska do Európskej únie. Sloboda poskytovania služieb v praxi EÚ. Slobodný pohyb služieb. 
610 2 0 |a trh 
610 2 0 |a služby 
610 2 0 |a integrácia ekonomická 
610 2 0 |a Európska únia 
610 2 0 |a legislatíva 
610 2 0 |a Slovensko 
100 1 |a Šíbl, Drahoš